[Event "GER-chT U10"]
[Site "Magdeburg"]
[Date "2016.12.28"]
[Round "5.1"]
[White "Avram, Luca"]
[Black "Moeller, Maurin"]
[Result "1-0"]
[WhiteElo "1185"]
[BlackElo "894"]
[PlyCount "27"]
[EventDate "2016.12.27"]
[EventType "team-swiss"]
[EventRounds "7"]
[EventCountry "GER"]
[SourceTitle "EXT 2018"]
[Source "ChessBase"]
[SourceDate "2017.10.13"]
[SourceVersion "1"]
[SourceVersionDate "2017.10.13"]
[SourceQuality "1"]
[WhiteTeam "Hemer"]
[BlackTeam "Paderborn Blauer Springer"]
[WhiteTeamCountry "GER"]
[BlackTeamCountry "GER"]

1. e4 e5 2. Nf3 Nc6 3. Bc4 Nf6 4. d4 exd4 5. e5 Ng8 6. Bf4 Bc5 7. Bxf7+ Kxf7 8. Ng5+ Ke7 9. Ne4 Kf8 10. Nxc5 b6 11. Qf3 Nge7 12. e6 Nb4 13. Bg5+ Ke8 14. Qf7# 1-0